Governance, business ethics, risk management and internal control (Record no. 364740)
[ view plain ]
| 000 -LEADER | |
|---|---|
| fixed length control field | 00589nam a22001817a 4500 |
| 003 - CONTROL NUMBER IDENTIFIER | |
| control field | 0 |
| 005 - DATE AND TIME OF LATEST TRANSACTION | |
| control field | 20240527082137.0 |
| 008 - FIXED-LENGTH DATA ELEMENTS--GENERAL INFORMATION | |
| fixed length control field | 220723b xxu||||| |||| 00| 0 eng d |
| 020 ## - INTERNATIONAL STANDARD BOOK NUMBER | |
| International Standard Book Number | 978-621-04-3689-1 |
| 050 ## - LIBRARY OF CONGRESS CALL NUMBER | |
| Classification number | HF5387 |
| Item number | .M46 2022 |
| 245 ## - TITLE STATEMENT | |
| Title | Governance, business ethics, risk management and internal control |
| Statement of responsibility, etc | Jesse Rey L. Meneses ; Eugenio V. Villaceran |
| 250 ## - EDITION STATEMENT | |
| Edition statement | 1st. ed. |
| 260 ## - PUBLICATION, DISTRIBUTION, ETC. (IMPRINT) | |
| Place of publication, distribution, etc | Manila |
| Name of publisher, distributor, etc | Rex book store, Inc., |
| Date of publication, distribution, etc | c2022 |
| 300 ## - PHYSICAL DESCRIPTION | |
| Extent | x, 130pp. |
| Dimensions | 26cm. |
| Accompanying material | Includes references and index. |
| Type of unit | Book |
| 500 ## - GENERAL NOTE | |
| General note | Business ethics. |
| 500 ## - GENERAL NOTE | |
| General note | Risk management. |
| 942 ## - ADDED ENTRY ELEMENTS (KOHA) | |
| Source of classification or shelving scheme | Library of Congress Classification |
| Koha item type | Books |
| Withdrawn status | Lost status | Source of classification or shelving scheme | Damaged status | Home library | Current library | Shelving location | Date acquired | Source of acquisition | Sub Shelving location | Total Checkouts | Full call number | Barcode | Date last seen | Date checked out | Price effective from | Koha item type |
|---|---|---|---|---|---|---|---|---|---|---|---|---|---|---|---|---|
| Library of Congress Classification | College Library | College Library | Filipiniana Section | 07/23/2022 | Library Fund | 2 | HF5387 .M46 2022 | C22732 | 06/13/2025 | 06/05/2025 | 07/23/2022 | Books | ||||
| Library of Congress Classification | College Library | College Library | Filipiniana Section | 07/23/2022 | Library Fund | HF5387 .M46 2022 | C22733 | 07/23/2022 | 07/23/2022 | Books | ||||||
| Library of Congress Classification | College Library | College Library | Filipiniana Section | 07/23/2022 | Library Fund | HF5387 .M46 2022 | C22734 | 07/23/2022 | 07/23/2022 | Books | ||||||
| Library of Congress Classification | College Library | College Library | Filipiniana Section | 05/27/2024 | Library Fund | 1 | HF5387 .M46 2022 | C23334 | 12/17/2025 | 12/10/2025 | 05/27/2024 | Books | ||||
| Library of Congress Classification | College Library | College Library | Filipiniana Section | 05/27/2024 | Library Fund | HF5387 .M46 2022 | C23335 | 05/27/2024 | 05/27/2024 | Books |